Estações do Metrô de Fortaleza - Metrofor - Statistics

Estatísticas Gerais
  • Esse quiz foi jogado 29 vezes
  • A pontuação média é 21 de 40
Estatísticas das Respostas
Linha Estação % Correto
Sul/Nordeste Parangaba
95%
Sul Benfica
79%
Nordeste Iate
74%
Sul Maracanaú
74%
Nordeste Papicu
74%
Sul/Leste Central - Chico da Silva
68%
Nordeste Mucuripe
68%
Sul Vila Pery
68%
Nordeste Antônio Sales
63%
Oeste Caucaia
63%
Sul José de Alencar
63%
Sul Manoel Sátiro
63%
Sul Mondubim
63%
Nordeste Montese
63%
Sul Porangabussu
63%
Sul Couto Fernandes
58%
Sul Padre Cícero
58%
Sul São Benedito
58%
Nordeste Vila União
58%
Nordeste Borges de Melo
53%
Sul Carlito Benevides
53%
Sul Jereissati
53%
Sul Rachel de Queiroz
53%
Sul Alto Alegre
47%
Sul Esperança
47%
Nordeste Expedicionários
47%
Sul Juscelino Kubitschek
47%
Nordeste Pontes Vieira
47%
Nordeste São João do Tauape
47%
Sul Aracapé
42%
Oeste Álvaro Weyne
32%
Oeste Antônio Bezerra
32%
Oeste Conjunto Ceará
32%
Oeste Jurema
32%
Oeste Moura Brasil
32%
Oeste Padre Andrade
32%
Oeste São Miguel
32%
Sul Virgílio Távora
32%
Oeste Araturi
26%
Oeste Parque Albano
21%
Nenhum quiz correspondente encontrado
Distribuição das Pontuações
Porcentagem de Pessoas com Cada Pontuação
Percentil de Números Respondidos
Sua Pontuação Histórica
Você não jogou esse quiz